Southville International School and Colleges
Your cart is empty.
  • Cart
  • Lists
    Public lists Eva Luna New books Lux_list list_1
    Your lists Log in to create your own lists
  • Log in to your account
  • Your cookies
  • Search history
Southville International School and Colleges
  • Advanced search
  • Recent comments
  • Most popular
  • Libraries

Log in to your account

Log in with GOOGLE


If you do not have an external account, but do have a local account, you can still log in:

  1. Home
  2. MARC view: Radish extract as a molluscide /
Normal view MARC view ISBD view

Radish extract as a molluscide / (Record no. 98534)

[ view plain ]
MARC details
000 -LEADER
fixed length control field 00766nam a2200205 a 4500
003 - CONTROL NUMBER IDENTIFIER
control field 0
005 - DATE AND TIME OF LATEST TRANSACTION
control field 20250218092044.0
008 - FIXED-LENGTH DATA ELEMENTS--GENERAL INFORMATION
fixed length control field 110617s19uu xx 00 eng d
050 ## - LIBRARY OF CONGRESS CALL NUMBER
Classification number PHS SB 317.R3
Item number .V61 2011
100 ## - MAIN ENTRY--PERSONAL NAME
Personal name Versoza, Juan Paolo Y.
245 ## - TITLE STATEMENT
Title Radish extract as a molluscide /
Statement of responsibility, etc Juan Paolo Y. Versoza.
260 ## - PUBLICATION, DISTRIBUTION, ETC. (IMPRINT)
Place of publication, distribution, etc Las Piñas City, Philippines :
Name of publisher, distributor, etc Southville International School and Colleges,
Date of publication, distribution, etc 2011.
300 ## - PHYSICAL DESCRIPTION
Extent 20 pages :
Other physical details illustrations ;
Dimensions 28 cm.
504 ## - BIBLIOGRAPHY, ETC. NOTE
Bibliography, etc Includes bibliographical references.
650 ## - SUBJECT ADDED ENTRY--TOPICAL TERM
Topical term or geographic name as entry element Radish (Raphanus sativus)
General subdivision Extracts
Form subdivision Pesticidal properties.
650 ## - SUBJECT ADDED ENTRY--TOPICAL TERM
Topical term or geographic name as entry element Molluscicides
General subdivision Natural alternatives.
650 ## - SUBJECT ADDED ENTRY--TOPICAL TERM
Topical term or geographic name as entry element Biological pest control
General subdivision Mollusks.
650 ## - SUBJECT ADDED ENTRY--TOPICAL TERM
Topical term or geographic name as entry element Plant extracts
General subdivision Agricultural use.
942 ## - ADDED ENTRY ELEMENTS (KOHA)
Source of classification or shelving scheme Library of Congress Classification
Koha item type PASS
Holdings
Withdrawn status Lost status Source of classification or shelving scheme Damaged status Home library Current library Shelving location Date acquired Source of acquisition Total Checkouts Full call number Barcode Date last seen Price effective from Koha item type
    Library of Congress Classification   Luxembourg Library Luxembourg Library Portfolio Assessment of SISC Students Section 06/17/2011 Donation   PHS SB 317.R3 .V61 2011 P2634 11/19/2019 04/08/2014 PASS

Radish extract as a molluscide /

APA

Versoza J. P. Y., . (2011). Radish extract as a molluscide. Las Piñas City, Philippines: Southville International School and Colleges.

Chicago

Versoza Juan Paolo Y, . 2011. Radish extract as a molluscide. Las Piñas City, Philippines: Southville International School and Colleges.

Harvard

Versoza J. P. Y., . (2011). Radish extract as a molluscide. Las Piñas City, Philippines: Southville International School and Colleges.

MLA

Versoza Juan Paolo Y, . Radish extract as a molluscide. Las Piñas City, Philippines: Southville International School and Colleges. 2011.

  • Print
  • Cite
  • Add to your cart (remove)
  • Save record
    BIBTEX Dublin Core MARCXML MARC (non-Unicode/MARC-8) MARC (Unicode/UTF-8) MARC (Unicode/UTF-8, Standard) MODS (XML) RIS
  • More searches
    Search for this title in:
    Other Libraries (WorldCat) Other Databases (Google Scholar) Online Stores (Bookfinder.com) Open Library (openlibrary.org)

Exporting to Dublin Core...

SOUTHVILLE LIBRARY

Southville International School and Colleges Library

1281 Tropical Ave. Cor. Luxembourg St., BF Homes International, Las Pinas City

Tel. No. 8256374 / 252358 Loc. 117/146

Powered by Koha